000 02156aam a22005171i 4500
001 1950
003 Uk
005 20240105090544.0
006 m || d |
007 cr |||||||||||
008 180604s2015 xxk||||jo |||| ||eng
015 _aGBB8A8301
_2bnb
020 _a9780545501064
_qElectronic book (EPUB format)
020 _a9780545501064
_qElectronic book (EPUB format)
020 _z9780007553655
_qprint
037 _a9780007553662
_bHarperCollins Publishers Ltd
040 _aUk
_beng
_cUk
042 _aukblsr
050 _aPZ8.L7387
082 0 4 _a813.6
_223
100 1 _aLitwin, Eric,
245 1 0 _aRocking in my school shoes /
_cstory by Eric Litwin ; art by James Dean (creator of Pete the Cat).
250 _aFirst Scholastic printing, September 2012
260 _aNew York ;
_bScholastic ;
_c1999
300 _a35 unnumbered pages :
_bcolor illustrations ;
_c25 cm
336 _atext
_2rdacontent
337 _acomputer
_2rdamedia
338 _aonline resource
_2rdacarrier
490 0 _aPete the cat
505 _aH
520 _aPete the cat wears his school shoes when visiting the library, the lunchroom, the playground, and more while singing his special song.
521 8 _a430
_bLexile AD
521 8 _aH
_bRaz-Plus
650 7 _aChildren's, young adult and educational / Children's and young adult fiction and true stories / Animal stories (Children's/YA).
_2bicssc
650 0 _aPete the Cat (Fictitious character)
_vPictorial works
_vJuvenile fiction.
650 7 _aJUVENILE FICTION
_xGeneral.
_2bisacsh
650 7 _aChildren's, young adult and educational / Picture books, activity books and early learning material / Picture books.
_2bicssc
650 7 _aJUVENILE FICTION
_xAnimals
_xCats.
_2bisacsh
650 7 _aJuvenile Fiction
_xGeneral.
_2bisacsh
655 7 _aChildren's stories
_vPictorial works.
_2gsafd
700 1 _aDean, James,
_d1957-
_eillustrator
884 _aLDL ebooks ONIX to marcxml transformation using Record_Load-eBooks_Legal_Deposit_onix2marc_v2-1.xsl
_g20180604
_k9780007553662
_qUk
903 _aELD.DS.290224
942 _2ddc
_cBK
_n0
999 _c1950
_d1950